West Sussex Train Stations - Statistics

General Stats
  • This quiz has been taken 94 times
  • The average score is 24 of 38
Answer Stats
Main Operator Station % Correct
Southern Worthing
96%
Southern Chichester
90%
Southern Crawley
87%
Southern Littlehampton
87%
Southern Bognor Regis
83%
Southern Horsham
81%
Southern West Worthing
78%
Southern Arundel
75%
Southern Barnham
75%
Thameslink Three Bridges
75%
Southern East Worthing
73%
Southern Goring-by-Sea
73%
Southern Gatwick Airport
71%
Southern Shoreham-by-Sea
71%
Southern Haywards Heath
70%
Southern Angmering
66%
Southern Ford
66%
Southern Lancing
64%
Southern Southwick
62%
Thameslink Burgess Hill
61%
Southern Durrington-on-Sea
61%
Southern Christ's Hospital
55%
Southern Pulborough
55%
Southern Billingshurst
53%
Southern Fishbourne
52%
Southern Hassocks
51%
Thameslink Wivelsfield
51%
Thameslink Balcombe
49%
Thameslink Ifield
49%
Thameslink Faygate
48%
Southern Amberley
47%
Southern Nutbourne
47%
Southern Southbourne
47%
Southern East Grinstead
45%
Southern Bosham
44%
Southern Fishersgate
43%
Thameslink Littlehaven
42%
Southern Warnham
29%
No matching quizzes found
Score Distribution
Percent of People with Each Score
Percentile by Number Answered
Your Score History
You have not taken this quiz